[Event "Koge Lang Jubilee Weekend Gr-4"]
[Site "Koge"]
[Date "2022.07.09"]
[Round "8"]
[White "Skjoldborg, Lasse Dahl"]
[Black "Meldal, Peter"]
[Result "1-0"]
[WhiteElo "1136"]
[BlackElo "1322"]
[PlyCount "57"]
[EventDate "2022.07.06"]
[EventType "swiss"]
[EventRounds "9"]
[EventCountry "DEN"]
[SourceTitle "EXT 2024"]
[Source "ChessBase"]
[SourceDate "2023.10.10"]
[SourceVersion "1"]
[SourceVersionDate "2023.10.10"]
[SourceQuality "1"]

1. e4 e5 2. Nf3 Nc6 3. Bc4 Nf6 4. d3 Bc5 5. Ng5 0-0 6. Nc3 a6 7. Nd5 b5 8. Bb3 Nd4 9. Nxf6+ Qxf6 10. Bxf7+ Rxf7 11. Nxf7 Qxf7 12. c3 Nb3 13. d4 Nxa1 14. dxc5 Qxa2 15. 0-0 c6 16. f4 Qe6 17. f5 Qc4 18. f6 Qxc5+ 19. Kh1 gxf6 20. Qg4+ Kf7 21. Bh6 d5 22. Qg7+ Ke8 23. Qh8+ Kd7 24. Qxf6 Qe7 25. Qf5+ Kc7 26. Qh5 Kb6 27. Be3+ c5 28. Qh6+ Qe6 29. Rf6 1-0

[Event "Koge Weekend B"]
[Site "Koge"]
[Date "2019.05.04"]
[Round "3"]
[White "Meldal, Peter"]
[Black "Refsgaard, Kaj"]
[Result "0-1"]
[WhiteElo "1446"]
[BlackElo "1650"]
[PlyCount "112"]
[EventDate "2019.05.03"]
[EventType "tourn"]
[EventRounds "5"]
[EventCountry "DEN"]
[SourceTitle "EXT 2020"]
[Source "ChessBase"]
[SourceDate "2019.10.17"]
[SourceVersion "1"]
[SourceVersionDate "2019.10.17"]
[SourceQuality "1"]

1. e4 c5 2. Nf3 Nc6 3. Bb5 g6 4. Nc3 Bg7 5. 0-0 Nd4 6. Nxd4 Bxd4 7. Ne2 Bg7 8. c3 a6 9. Bc4 b5 10. Bd5 Rb8 11. a4 Nf6 12. d4 c4 13. Bf4 d6 14. Bc6+ Bd7 15. Bxd7+ Qxd7 16. Ng3 0-0 17. axb5 axb5 18. b3 Qb7 19. e5 Nd5 20. Ne2 Nxf4 21. Nxf4 dxe5 22. dxe5 Bxe5 23. Ne2 Rfd8 24. Qc2 Qc7 25. g3 cxb3 26. Qxb3 b4 27. Rac1 bxc3 28. Qc2 Rb2 29. Qe4 f5 30. Qe3 Rc8 31. Rfe1 Bf6 32. h4 Qe5 33. Qxe5 Bxe5 34. Nf4 Bxf4 35. gxf4 Kf7 36. Re3 c2 37. Ree1 Rc4 38. Kg2 Rxf4 39. Kg3 Rg4+ 40. Kh3 Rb3+ 41. Re3 Rxe3+ 42. fxe3 Re4 43. Rxc2 Rxe3+ 44. Kg2 h6 45. Rc4 g5 46. hxg5 hxg5 47. Rc5 Kf6 48. Rc6+ e6 49. Kf2 f4 50. Rc8 Kf5 51. Rf8+ Kg4 52. Rh8 e5 53. Rh2 e4 54. Rg2+ Kf5 55. Kg1 f3 56. Rf2 Re1+ 0-1

[Event "Amager AMSF Gr4"]
[Site "Amager"]
[Date "2016.09.27"]
[Round "5"]
[White "Meldal, Peter"]
[Black "Kibenich, Mikael"]
[Result "0-1"]
[WhiteElo "1554"]
[BlackElo "1523"]
[PlyCount "48"]
[EventDate "2016.08.16"]
[EventType "tourn"]
[EventRounds "7"]
[EventCountry "DEN"]
[SourceTitle "EXT 2023"]
[Source "ChessBase"]
[SourceDate "2022.10.05"]
[SourceVersion "1"]
[SourceVersionDate "2022.10.05"]
[SourceQuality "1"]

1. e4 e6 2. d4 d5 3. e5 c5 4. c3 Nc6 5. Nf3 Nge7 6. Bd3 cxd4 7. cxd4 Qb6 8. Bc2 Bd7 9. Nc3 Ng6 10. 0-0 Be7 11. a3 Na5 12. b4 Nc4 13. Na4 Qc7 14. Nc5 b6 15. Nxd7 Kxd7 16. Ng5 Bxg5 17. Bxg5 b5 18. Bd3 Ne7 19. Qf3 Raf8 20. Rfc1 Qb8 21. Rc2 Nc6 22. Be3 a6 23. Qg4 Rfg8 24. f4 Nxe3 0-1

[Event "Faxe Dags op"]
[Site "Faxe"]
[Date "2016.04.20"]
[Round "4"]
[White "Meldal, Peter"]
[Black "Alic, Ohran"]
[Result "0-1"]
[WhiteElo "1466"]
[BlackElo "1759"]
[PlyCount "39"]
[EventDate "2016.03.30"]
[EventType "swiss"]
[EventRounds "7"]
[EventCountry "DEN"]
[SourceTitle "EXT 2021"]
[Source "ChessBase"]
[SourceDate "2020.10.23"]
[SourceVersion "1"]
[SourceVersionDate "2020.10.23"]
[SourceQuality "1"]

1. e4 c5 2. Nf3 Nc6 3. c3 e6 4. d4 cxd4 5. cxd4 Bb4+ 6. Bd2 Qb6 7. Bxb4 Qxb4+ 8. Qd2 Nf6 9. Nc3 a6 10. a3 Qe7 11. Be2 Na5 12. Qc2 0-0 13. 0-0 b5 14. e5 Nd5 15. Nxd5 exd5 16. Bd3 g6 17. Qd2 Nb3 18. Qh6 Nxa1 19. Ng5 f5 20. exf6 0-1

[Event "Faxe Dags op"]
[Site "Faxe"]
[Date "2016.04.13"]
[Round "3"]
[White "Hansen, Arne Mandrup"]
[Black "Meldal, Peter"]
[Result "0-1"]
[WhiteElo "1532"]
[BlackElo "1466"]
[PlyCount "64"]
[EventDate "2016.03.30"]
[EventType "swiss"]
[EventRounds "7"]
[EventCountry "DEN"]
[SourceTitle "EXT 2021"]
[Source "ChessBase"]
[SourceDate "2020.10.23"]
[SourceVersion "1"]
[SourceVersionDate "2020.10.23"]
[SourceQuality "1"]

1. d4 Nf6 2. Bf4 g6 3. e3 d5 4. c3 Bg7 5. Nd2 0-0 6. Ngf3 Nbd7 7. Ne5 Nh5 8. Nxd7 Bxd7 9. Bg3 Nxg3 10. hxg3 b6 11. Qb3 e6 12. Nf3 c5 13. Bb5 cxd4 14. Nxd4 Bxb5 15. Qxb5 a6 16. Qe2 b5 17. f4 Qc7 18. Kf2 e5 19. Nf3 f6 20. Rh4 Rae8 21. Rah1 h6 22. Qd2 Qc6 23. Qd3 e4 24. Qc2 exf3 25. Qxg6 Qc5 26. Re1 fxg2 27. Kxg2 Rxe3 28. Rxe3 Qxe3 29. Rxh6 Qe4+ 30. Qxe4 dxe4 31. Rh1 Rd8 32. Rb1 f5 0-1

[Event "Taastrup Spil Naar Vil 11"]
[Site "Taastrup"]
[Date "2016.04.07"]
[Round "1"]
[White "Pedersen, Ole"]
[Black "Meldal, Peter"]
[Result "0-1"]
[WhiteElo "1529"]
[BlackElo "1466"]
[PlyCount "86"]
[EventDate "2016.03.31"]
[EventType "swiss"]
[EventRounds "7"]
[EventCountry "DEN"]
[SourceTitle "EXT 2024"]
[Source "ChessBase"]
[SourceDate "2023.10.10"]
[SourceVersion "1"]
[SourceVersionDate "2023.10.10"]
[SourceQuality "1"]

1. c4 Nf6 2. Nc3 g6 3. g3 d5 4. cxd5 Nxd5 5. Bg2 Nxc3 6. bxc3 Bg7 7. e3 0-0 8. Ne2 c6 9. 0-0 Bf5 10. d4 Nd7 11. Qb3 Nb6 12. a4 Be6 13. Qc2 Qd7 14. a5 Nd5 15. Bb2 Rac8 16. c4 Nf6 17. Nf4 c5 18. Nxe6 fxe6 19. Rfd1 cxd4 20. Bxd4 Qc7 21. Rdc1 b5 22. axb6 axb6 23. Rab1 Nd7 24. Bxg7 Kxg7 25. Qb2+ Kg8 26. Bh3 Rf6 27. Qd4 Rcf8 28. Rb2 Nc5 29. e4 e5 30. Qd5+ e6 31. Qd1 Rd8 32. Qc2 Na4 33. Rd1 Nxb2 34. Rxd8+ Qxd8 35. Qxb2 Qd1+ 36. Bf1 Qd4 37. Qc2 Qc5 38. Qb2 Kg7 39. Kg2 Qd4 40. Qc2 h5 41. h3 g5 42. Kg1 Rf3 43. Qe2 Rxg3+ 0-1

[Event "Taastrup Winter 1st A"]
[Site "Taastrup"]
[Date "2015.11.12"]
[Round "2"]
[White "Meldal, Peter"]
[Black "Andersen, Svend Erik"]
[Result "1/2-1/2"]
[WhiteElo "1488"]
[BlackElo "1839"]
[PlyCount "63"]
[EventDate "2015.10.29"]
[EventType "tourn"]
[EventRounds "9"]
[EventCountry "DEN"]
[SourceTitle "EXT 2024"]
[Source "ChessBase"]
[SourceDate "2023.10.10"]
[SourceVersion "1"]
[SourceVersionDate "2023.10.10"]
[SourceQuality "1"]

1. e4 e6 2. f4 c5 3. Nf3 Nc6 4. Be2 d5 5. e5 Be7 6. 0-0 Nh6 7. d4 Qb6 8. c3 cxd4 9. cxd4 Nf5 10. a4 Nfxd4 11. Kh1 Nxe2 12. Qxe2 Bd7 13. Be3 Bc5 14. Bxc5 Qxc5 15. Nc3 g6 16. Nb5 0-0 17. Nd6 Qb4 18. Ng5 f6 19. Nh3 fxe5 20. fxe5 Rxf1+ 21. Rxf1 Nd4 22. Qf2 Nf5 23. Ng5 Qd4 24. Nxf5 Qxf2 25. Ne7+ Kf8 26. Rxf2+ Kxe7 27. Rf7+ Ke8 28. Rxh7 Rc8 29. Rh8+ Ke7 30. Rh7+ Ke8 31. Rh8+ Ke7 32. Rh7+ 1/2-1/2

[Event "Faxe Dags op"]
[Site "Faxe"]
[Date "2015.05.27"]
[Round "7"]
[White "Meldal, Peter"]
[Black "Lindskov, Villy"]
[Result "0-1"]
[WhiteElo "1487"]
[BlackElo "1918"]
[PlyCount "90"]
[EventDate "2015.04.07"]
[EventType "swiss"]
[EventRounds "7"]
[EventCountry "DEN"]
[SourceTitle "EXT 2021"]
[Source "ChessBase"]
[SourceDate "2020.10.23"]
[SourceVersion "1"]
[SourceVersionDate "2020.10.23"]
[SourceQuality "1"]

1. f4 Nf6 2. Nf3 b6 3. e3 Bb7 4. Be2 c5 5. 0-0 g6 6. b3 Bg7 7. Bb2 0-0 8. d3 d5 9. c4 Nc6 10. cxd5 Nxd5 11. Qd2 Bxb2 12. Qxb2 Nxe3 13. Rf2 Qd7 14. Nc3 f6 15. Qd2 Nf5 16. Rd1 Rad8 17. Rff1 Ncd4 18. Kh1 Nxf3 19. Bxf3 Bxf3 20. Rxf3 Kg7 21. Ne4 Qd4 22. Ng3 Nxg3+ 23. Rxg3 e5 24. fxe5 Qxe5 25. Re3 Qd6 26. Rde1 Rf7 27. Re6 Qxd3 28. Qxd3 Rxd3 29. h3 Rd2 30. R6e2 Rxe2 31. Rxe2 Rd7 32. g4 Kf7 33. Kg2 Rd3 34. Kh2 f5 35. gxf5 gxf5 36. Kg2 Kf6 37. h4 Rd4 38. Kg3 h5 39. Kh3 f4 40. Kg2 Kf5 41. Kf3 Rd3+ 42. Kf2 Kg4 43. Re4 Rd2+ 44. Kg1 Kg3 45. Re5 Rd1+ 0-1

[Event "Politiken Cup 33rd"]
[Site "Helsingor"]
[Date "2011.08.02"]
[Round "5"]
[White "Randlov, Carsten"]
[Black "Meldal, Peter"]
[Result "1-0"]
[WhiteElo "1872"]
[BlackElo "1526"]
[PlyCount "69"]
[EventDate "2011.07.30"]
[EventType "swiss"]
[EventRounds "10"]
[EventCountry "DEN"]
[SourceTitle "CBM 143 Extra"]
[Source "ChessBase"]
[SourceDate "2011.08.29"]
[SourceVersion "1"]
[SourceVersionDate "2011.08.29"]
[SourceQuality "1"]

1. e4 e6 2. d4 d5 3. Nc3 Bb4 4. e5 c5 5. a3 cxd4 6. axb4 dxc3 7. bxc3 Qc7 8. Nf3 Qxc3+ 9. Bd2 Qc7 10. Bd3 Nc6 11. Qe2 Nge7 12. b5 Nb8 13. 0-0 b6 14. Rfe1 Nd7 15. h4 Nc5 16. Nd4 Nxd3 17. cxd3 0-0 18. Rac1 Qd8 19. Bg5 Bd7 20. Qg4 g6 21. Bf6 h6 22. h5 Kh7 23. f4 Qe8 24. Rc7 Ng8 25. hxg6+ fxg6 26. Nxe6 Nxf6 27. exf6 Kh8 28. Qh4 h5 29. Nxf8 Qxf8 30. Rxd7 Qc5+ 31. Kh2 Qxb5 32. Ree7 Qxd3 33. Rh7+ Kg8 34. Rdg7+ Kf8 35. Rh8# 1-0

[Event "Politiken Cup 33rd"]
[Site "Helsingor"]
[Date "2011.08.01"]
[Round "4"]
[White "Meldal, Peter"]
[Black "Sbarra, Marco"]
[Result "0-1"]
[WhiteElo "1526"]
[BlackElo "2266"]
[PlyCount "54"]
[EventDate "2011.07.30"]
[EventType "swiss"]
[EventRounds "10"]
[EventCountry "DEN"]
[SourceTitle "CBM 143 Extra"]
[Source "ChessBase"]
[SourceDate "2011.08.29"]
[SourceVersion "1"]
[SourceVersionDate "2011.08.29"]
[SourceQuality "1"]

1. e4 e5 2. f4 exf4 3. Nf3 g5 4. h4 g4 5. Ne5 Nf6 6. Bc4 d5 7. exd5 Bd6 8. d4 Nh5 9. Be2 Ng3 10. Rh2 Qf6 11. Nxg4 Bxg4 12. Bxg4 Rg8 13. Nc3 Nd7 14. Bf3 0-0-0 15. Nb5 Rde8+ 16. Kf2 Re7 17. Bd2 Rge8 18. c3 Nc5 19. Nxd6+ Qxd6 20. Qc2 Nce4+ 21. Kg1 Nxd2 22. Qxd2 Re3 23. Rh3 Qe7 24. b3 Re1+ 25. Rxe1 Qxe1+ 26. Qxe1 Rxe1+ 27. Kf2 Rf1# 0-1

[Event "Politiken Cup 33rd"]
[Site "Helsingor"]
[Date "2011.07.31"]
[Round "3"]
[White "Borg, Flemming"]
[Black "Meldal, Peter"]
[Result "0-1"]
[WhiteElo "1851"]
[BlackElo "1526"]
[PlyCount "92"]
[EventDate "2011.07.30"]
[EventType "swiss"]
[EventRounds "10"]
[EventCountry "DEN"]
[SourceTitle "CBM 143 Extra"]
[Source "ChessBase"]
[SourceDate "2011.08.29"]
[SourceVersion "1"]
[SourceVersionDate "2011.08.29"]
[SourceQuality "1"]

1. b4 Nf6 2. Bb2 e6 3. a3 c6 4. c4 d5 5. c5 Be7 6. f4 0-0 7. Nf3 b6 8. cxb6 axb6 9. e3 Nbd7 10. Bd3 c5 11. b5 c4 12. Bc2 Nc5 13. Ne5 Bb7 14. 0-0 Nfd7 15. g4 Nxe5 16. Bxe5 Nd7 17. Bc3 Bf6 18. g5 Bxg5 19. Qg4 Bh6 20. Kf2 f5 21. Qg2 Qh4+ 22. Ke2 Rab8 23. Bd4 Qh5+ 24. Ke1 Qh4+ 25. Kd1 Qe7 26. Nc3 g6 27. h4 Bg7 28. Bxg7 Qxg7 29. Qh2 Nf6 30. Rb1 Rbd8 31. Ne2 Qe7 32. Nd4 Rc8 33. Rg1 Ng4 34. Qg3 h5 35. Ke2 Rf6 36. a4 Kh7 37. Qe1 e5 38. fxe5 Qxe5 39. Kd1 f4 40. Nf3 Qd6 41. e4 dxe4 42. Bxe4 Bxe4 43. Ng5+ Kh6 44. Nxe4 Qd3 45. Nc3 Ne3+ 46. Kc1 Qc2# 0-1

[Event "Politiken Cup 33rd"]
[Site "Helsingor"]
[Date "2011.07.31"]
[Round "2"]
[White "Meldal, Peter"]
[Black "Nielsen, Preben"]
[Result "1/2-1/2"]
[WhiteElo "1526"]
[BlackElo "1904"]
[PlyCount "43"]
[EventDate "2011.07.30"]
[EventType "swiss"]
[EventRounds "10"]
[EventCountry "DEN"]
[SourceTitle "CBM 143 Extra"]
[Source "ChessBase"]
[SourceDate "2011.08.29"]
[SourceVersion "1"]
[SourceVersionDate "2011.08.29"]
[SourceQuality "1"]

1. e4 c5 2. f4 Nc6 3. Nf3 g6 4. Bc4 Bg7 5. 0-0 e6 6. c3 Nge7 7. d4 d5 8. exd5 exd5 9. Bb5 cxd4 10. cxd4 0-0 11. Be3 Qb6 12. Nc3 a6 13. Bxc6 bxc6 14. Qd2 Rb8 15. b3 Qb4 16. Na4 Qxd2 17. Bxd2 Nf5 18. Bc3 Nd6 19. Ne5 Bxe5 20. fxe5 Ne4 21. Bb2 f6 22. exf6 1/2-1/2

[Event "Amager Spring D"]
[Site "Amager"]
[Date "2010.05.18"]
[Round "2"]
[White "Meldal, Peter"]
[Black "Jorgensen, Morten"]
[Result "1-0"]
[WhiteElo "1180"]
[BlackElo "1364"]
[PlyCount "89"]
[EventDate "2010.05.11"]
[EventType "swiss"]
[EventRounds "5"]
[EventCountry "DEN"]
[SourceTitle "EXT 2023"]
[Source "ChessBase"]
[SourceDate "2022.10.05"]
[SourceVersion "1"]
[SourceVersionDate "2022.10.05"]
[SourceQuality "1"]

1. e4 c6 2. d4 d5 3. e5 Bf5 4. Nf3 e6 5. Bd2 Qb6 6. b3 Nd7 7. c4 dxc4 8. Bxc4 Ne7 9. Bc3 Ng6 10. Qd2 Be7 11. Ba5 Bb4 12. Bxb4 a5 13. Bc3 0-0 14. 0-0 Ne7 15. Nh4 Be4 16. Qe3 Bd5 17. Bd3 Ng6 18. Nxg6 fxg6 19. Nd2 Rac8 20. Nc4 Bxc4 21. Bxc4 Rce8 22. Qe1 Qa7 23. Rd1 b5 24. Be2 b4 25. Bb2 Nb6 26. a3 Nd5 27. Bc4 Qe7 28. axb4 axb4 29. Bxd5 cxd5 30. Rc1 Qb7 31. Rc5 Rc8 32. Rxc8 Rxc8 33. Qd2 h6 34. Rc1 Rxc1+ 35. Qxc1 Kh7 36. Qc5 Qa6 37. h3 Qa2 38. Qc2 Qa6 39. Kh2 Qa2 40. h4 Qa6 41. h5 Kg8 42. hxg6 Qb7 43. Bc1 Kf8 44. Qc5+ Ke8 45. Bd2 1-0

[Event "Taastrup Spil Naar Du Vil V"]
[Site "Taastrup"]
[Date "2010.04.08"]
[Round "2"]
[White "Meldal, Peter"]
[Black "Wadtland, Flemming"]
[Result "1-0"]
[WhiteElo "1177"]
[BlackElo "1249"]
[PlyCount "109"]
[EventDate "2010.03.25"]
[EventType "swiss"]
[EventRounds "7"]
[EventCountry "DEN"]
[SourceTitle "EXT 2023"]
[Source "ChessBase"]
[SourceDate "2022.10.05"]
[SourceVersion "1"]
[SourceVersionDate "2022.10.05"]
[SourceQuality "1"]

1. e4 e5 2. Nf3 d6 3. Bb5+ c6 4. Be2 Be7 5. 0-0 Bg4 6. d4 Nd7 7. c3 Bf6 8. Be3 a5 9. Nbd2 h6 10. Nc4 Qc7 11. dxe5 dxe5 12. Nd6+ Kf8 13. h3 Bh5 14. Nc4 Rd8 15. Qa4 b5 16. Qxa5 Qxa5 17. Nxa5 Rc8 18. Rfd1 Ke8 19. Rd6 Nb8 20. Ba7 Be7 21. Bxb8 Bxd6 22. Bxd6 f6 23. Rd1 Bf7 24. a3 Bg6 25. Nd2 Ne7 26. f3 Kf7 27. c4 Rhd8 28. Bxe7 Kxe7 29. cxb5 cxb5 30. Bxb5 Be8 31. Bxe8 Kxe8 32. b4 Rc2 33. Nab3 Ra2 34. Rc1 Rxa3 35. Rc7 Rd7 36. Rxd7 Kxd7 37. Nc5+ Kc6 38. Nc4 Rc3 39. Na5+ Kb5 40. Ne6 Kxb4 41. Nb7 Ka3 42. Nbd8 Rc8 43. Kf2 g5 44. Kg3 h5 45. h4 gxh4+ 46. Kxh4 Rc2 47. Kh3 Rc1 48. Kh2 Rd1 49. Nf7 Rd7 50. Nfd8 Kb2 51. Kh3 Kc2 52. g4 hxg4+ 53. Kxg4 Kd3 54. Nc5+ Ke3 55. Nxd7 1-0

[Event "Valby K41 op 0910"]
[Site "Valby"]
[Date "2010.03.02"]
[Round "9"]
[White "Meldal, Peter"]
[Black "Hojland, Ulrik"]
[Result "0-1"]
[WhiteElo "1380"]
[BlackElo "1122"]
[PlyCount "90"]
[EventDate "2009.11.03"]
[EventType "swiss"]
[EventRounds "9"]
[EventCountry "DEN"]
[SourceTitle "EXT 2018"]
[Source "ChessBase"]
[SourceDate "2017.10.13"]
[SourceVersion "1"]
[SourceVersionDate "2017.10.13"]
[SourceQuality "1"]

1. e4 c5 2. Nf3 d6 3. Bb5+ Nc6 4. 0-0 Bd7 5. Re1 Nf6 6. d4 cxd4 7. Nxd4 g6 8. c3 Bg7 9. Nxc6 bxc6 10. Bd3 0-0 11. Bg5 Qb6 12. Qd2 Rfb8 13. b3 a5 14. Na3 Be6 15. Nc4 Qa7 16. e5 Nd5 17. exd6 Bxc3 18. Qc2 Bxa1 19. Rxa1 exd6 20. Nxd6 Nb4 21. Qc3 Nxd3 22. Qxd3 Qc5 23. Ne4 Qe5 24. Re1 Qf5 25. Bh6 Qe5 26. Qf3 Qb2 27. Nf6+ Kh8 28. Ne4 Bd5 29. Qd3 Bxe4 30. Qxe4 Qf6 31. Bf4 Kg8 32. Bxb8 Rxb8 33. Qe5 Qd8 34. h4 h5 35. g3 Qb6 36. Qf6 Qb4 37. Rd1 c5 38. f4 Re8 39. Rf1 Qd2 40. f5 Re2 41. Qc6 Qe3+ 42. Kh1 Qxg3 43. Qa8+ Kg7 44. f6+ Kh7 45. Qf3 Qh2# 0-1

[Event "Valby K41 op 0910"]
[Site "Valby"]
[Date "2010.02.09"]
[Round "7"]
[White "Meldal, Peter"]
[Black "Krogh, Soren"]
[Result "1-0"]
[WhiteElo "1380"]
[BlackElo "1183"]
[PlyCount "91"]
[EventDate "2009.11.03"]
[EventType "swiss"]
[EventRounds "9"]
[EventCountry "DEN"]
[SourceTitle "EXT 2018"]
[Source "ChessBase"]
[SourceDate "2017.10.13"]
[SourceVersion "1"]
[SourceVersionDate "2017.10.13"]
[SourceQuality "1"]

1. e4 g6 2. d4 Bg7 3. e5 d6 4. Bb5+ c6 5. Bc4 b5 6. Bb3 h5 7. Nf3 Bg4 8. h3 Bxf3 9. Qxf3 e6 10. Bf4 a5 11. a4 d5 12. 0-0 Nd7 13. axb5 cxb5 14. Nc3 Qb6 15. Qd3 Rb8 16. Qd2 Nh6 17. Ne2 Nf5 18. Rxa5 Bh6 19. Bxh6 Nxh6 20. Rfa1 Qc6 21. Ra6 Nb6 22. Ra7 Nf5 23. Qg5 0-0 24. c3 Nc4 25. R7a2 b4 26. Bc2 b3 27. Ra6 Qc8 28. Bxf5 exf5 29. Nf4 Rb6 30. Rxb6 Nxb6 31. Nxh5 Nd7 32. e6 Nb6 33. exf7+ Kh7 34. Nf6+ Kg7 35. Ne8+ Rxe8 36. fxe8Q Qxe8 37. Ra7+ Nd7 38. Qe3 Qf7 39. Rb7 Kf6 40. Rxb3 g5 41. Rb7 Qe6 42. Kf1 Qxe3 43. fxe3 Ke6 44. b4 Kd6 45. b5 Nf8 46. Rf7 1-0